Paraguái ñe ẽ : (Registro nro. 13498)

Detalles MARC
000 -LIDER
fixed length control field 01043cam a2200301 a 4500
001 - NÚMERO DE CONTROL
Identificador de número de control
003 - IDENTIFICACDOR DE NÚMERO DE CONTROL
control field DO-SdBNP
005 - DATE AND TIME OF LATEST TRANSACTION
control field 20210514124014.0
007 - CAMPOS FIJOS DE DESCRIPCIÓN FÍSICA
fixed length control field
008 - ELEMENTOS DE LONGITUD FIJA
fixed length control field 020930s2017 dr a 000 1 spa
010 ## - NUMERO DE CONTROL DE BIBLIOTECA DEL CONGRESO
LC control number
020 ## - ISBN
International Standard Book Number 9789945492965
040 ## - FUENTE DE CATALOGACIÓN
Agencia que crea de manera original el registro BPMSU
Agencia que realiza la transcripción spa
Idioma de catalogación BPMSU
082 ## - NÚMERO DE CLASIFICACIÓN DECIMAL DE DEWEY
Classification number Pa861.08
Item number A634p 2017
Edition number 22
245 14 - MENCIÓN DE TITULO
Título Paraguái ñe ẽ :
Subtítulo antología de poesía paraguaya /
Mención de responsabilidad compilación y selección de Bernardo Neri Farina, Susy Delgado y Javier Viveros
260 ## - PUBLICACIÓN, DISTRIBUCIÓN, ETC. (PIE DE IMPRENTA)
Lugar de publicación, distribución, etc Santo Domingo :
Nombre del editor, distribuidor, etc. Ministerio de Cultura ;
-- Sociedad de Escritores de Paraguay,
Fecha de publicación, distribución, etc 2017
300 ## - DESCRIPCIÓN FÍSICA
Extensión 395 p. ;
Dimensiones 25 cm.
Otros detalles físicos
500 ## - NOTA GENERAL
Nota general Incluye datos biográficos de los compiladores en la solapa de la cubierta
590 ## - NOTA LOCAL
Enlace Inventariado, 2021/VM
650 #4 - ENCABEZAMIENTO DE MATERIA--TEMÁTICO
Término temático o nombre geográfico como elemento de entrada Poesía paraguaya
Subdivisión de forma Colecciones
650 #4 - ENCABEZAMIENTO DE MATERIA--TEMÁTICO
Término temático o nombre geográfico como elemento de entrada Literatura paraguaya
Subdivisión de forma
700 1# - ASIENTO SECUNDARIO -- NOMBRE PERSONAL
Nombre personal Neri Farina, Bernardo
Mención de responsabilidad comp.
700 1# - ASIENTO SECUNDARIO -- NOMBRE PERSONAL
Nombre personal Delgado, Susy
Mención de responsabilidad comp.
700 1# - ASIENTO SECUNDARIO -- NOMBRE PERSONAL
Nombre personal Viveros, Javier
Mención de responsabilidad comp.
710 2# - ASIENTO SECUNDARIO -- NOMBRE CORPORATIVO
Nombre corporativo o de jurisdicción Sociedad de Escritores de Paraguay
910 ## - VALIDACIÓN
Validación VMateo
942 ## - ADDED ENTRY ELEMENTS (KOHA)
Source of classification or shelving scheme Dewey Decimal Classification
Koha item type Libros
Existencias
Withdrawn status Lost status Source of classification or shelving scheme Damaged status Not for loan Collection code Home library Current library Date acquired Source of acquisition Full call number Barcode Date last seen Price effective from Koha item type Copy number
    Dewey Decimal Classification     Colección Dominicana Biblioteca Pública Metropolitana Salomé Ureña Biblioteca Pública Metropolitana Salomé Ureña 05/14/2021 Editora Nacional BPMSU CD Pa861.08 A634p 2017 BPMSU21050082 05/14/2021 05/14/2021 Libros  
    Dewey Decimal Classification     Colección Dominicana Biblioteca Pública Metropolitana Salomé Ureña Biblioteca Pública Metropolitana Salomé Ureña 05/14/2021 Editora Nacional BPMSU CD Pa861.08 A634p 2017 BPMSU21050083 05/14/2021 05/14/2021 Libros e.3
    Dewey Decimal Classification     Colección Dominicana Biblioteca Pública Metropolitana Salomé Ureña Biblioteca Pública Metropolitana Salomé Ureña 05/14/2021 Editora Nacional BPMSU CD Pa861.08 A634p 2017 BPMSU21050094 05/17/2021 05/14/2021 Libros e.2